Horská chata

Enregistré dans:
Détails bibliographiques
Auteur principal: Gramerová, Veronika (Auteur)
Autres auteurs: Krajcsovics, Lorant (Directeur de thèse)
Format: Manuscrit Livre
Langue:slovaque
Publié: Bratislava 2017
Sujets:
Accès en ligne:http://is.stuba.sk/zp/portal_zp.pl?podrobnosti=128348
Tags: Ajouter un tag
Pas de tags, Soyez le premier à ajouter un tag!

MARC

LEADER 00000ntm a22000003a 4500
001 stuzp63622
003 SK-STU
005 20210212110056.7
007 ta
008 150427s2015----xo-----f-mn---000-0-slo-d
040 |a STU  |b slo 
041 0 |a slo 
100 1 |a Gramerová, Veronika  |u 052120  |4 aut  |U FAD Fakulta architektúry  |T FA Ústav ekologickej a experimentálnej architektúry  |X 61970  |U A2120  |Y 393  |7 61970 
242 0 1 |a Mountain chalet  |y eng 
245 1 0 |a Horská chata 
260 |c 2017  |a Bratislava 
650 4 |a horská chata  |2 slo 
650 4 |a ekologická architektúra  |2 slo 
650 4 |a konštrukcia  |2 slo 
650 4 |a tepelné zisky  |2 slo 
650 4 |a preslnenie  |2 slo 
650 4 |a vietor  |2 slo 
650 4 |a slnečná energia  |2 slo 
650 4 |a mountain cottage  |2 eng 
650 4 |a ecological architecture  |2 eng 
650 4 |a wind  |2 eng 
650 4 |a solar energy  |2 eng 
650 4 |a thermal gains  |2 eng 
650 4 |a adhesion  |2 eng 
650 4 |a construction  |2 eng 
700 1 |a Krajcsovics, Lorant  |u 052120  |k Z1  |4 ths  |U FAD Fakulta architektúry  |T FA Ústav ekologickej a experimentálnej architektúry  |X 4831  |U A2120  |Y 393  |7 A000004831 
856 4 |u http://is.stuba.sk/zp/portal_zp.pl?podrobnosti=128348  |u https://opac.crzp.sk/?fn=detailBiblioForm&sid=E7FF18FD4FFD5019D8FCEC3CC38C